[Event "BPB Limburg open A"]
[Site "Maastricht"]
[Date "2014.06.08"]
[Round "4"]
[White "Maisuradze, Nino"]
[Black "L'Ami, Erwin"]
[Result "0-1"]
[WhiteElo "2255"]
[BlackElo "2647"]
[PlyCount "98"]
[EventDate "2014.06.06"]
[EventType "swiss"]
[EventRounds "7"]
[EventCountry "NED"]
[Source "P.Boonen"]
[SourceDate "2014.10.10"]

1. d4 Nf6 2. c4 e6 3. Nf3 b6 4. g3 Bb7 5. Bg2 g6 6. O-O Bg7 7. Nc3 O-O 8. Qc2
c5 9. Rd1 cxd4 10. Nxd4 Bxg2 11. Kxg2 Qc8 12. b3 a6 13. Ba3 Qb7+ 14. Kg1 Rc8
15. Qd3 Nc6 16. Nxc6 Rxc6 17. Rac1 Rac8 18. h3 h5 19. h4 Kh7 20. e3 Kg8 21. Kf1
b5 22. Ne2 Ng4 23. Nd4 bxc4 24. bxc4 Rb6 25. c5 Qh1+ 26. Ke2 Qg2 27. Rf1 Rbb8
28. Qd2 Ne5 29. Rg1 Qd5 30. Rgd1 Bf8 31. Qc2 a5 32. e4 Qa8 33. f4 Ng4 34. Qd3
Re8 35. Nf3 e5 36. Rc4 exf4 37. gxf4 Qa6 38. e5 Be7 39. Rd4 Qe6 40. Rd2 Nh6 41.
Rxd7 Rbc8 42. Rd6 Qg4 43. Ke3 Nf5+ 44. Ke4 Bxh4 45. Nxh4 Qxh4 46. Qd5 Qg3 47.
Re2 Nxd6+ 48. cxd6 Rc3 49. Qd2 Qf3+ 0-1

[Event "BPB Limburg open A"]
[Site "Maastricht"]
[Date "2014.06.08"]
[Round "4"]
[White "Mollema, Thomas"]
[Black "Warmerdam, Max"]
[Result "0-1"]
[WhiteElo "2059"]
[BlackElo "2177"]
[PlyCount "96"]
[EventDate "2014.06.06"]
[EventType "swiss"]
[EventRounds "7"]
[EventCountry "NED"]
[Source "P.Boonen"]
[SourceDate "2014.10.10"]

1. e4 e5 2. Nf3 Nc6 3. Bb5 a6 4. Ba4 Nf6 5. Qe2 b5 6. Bb3 Be7 7. O-O O-O 8. c3
d6 9. Rd1 Na5 10. Bc2 c5 11. d4 Qc7 12. d5 c4 13. b4 cxb3 14. axb3 Bd7 15. h3
Rfc8 16. Be3 b4 17. c4 Nb7 18. Nbd2 a5 19. g4 Nc5 20. Kg2 Be8 21. Nh4 Nfd7 22.
Nf5 Bf8 23. Ra2 Nb6 24. Rda1 Ra6 25. Rxa5 Rxa5 26. Rxa5 Nxd5 27. exd5 Qxa5 28.
Bxc5 Qxc5 29. Ne4 Qc7 30. Qd2 Qd8 31. Qxb4 Rb8 32. Qc3 g6 33. g5 Bd7 34. Nf6+
Kh8 35. Qf3 Bxf5 36. Bxf5 Bg7 37. Bc2 Bxf6 38. Qxf6+ Kg8 39. Kf3 h6 40. h4 hxg5
41. hxg5 Qd7 42. Ke2 Qg4+ 43. Kd2 Ra8 44. Bxg6 Ra2+ 45. Kc3 Qd4+ 46. Kb4 Qb6+
47. Kc3 Qa5+ 48. Kd3 Qd2+ 0-1

[Event "BPB Limburg open A"]
[Site "Maastricht"]
[Date "2014.06.08"]
[Round "4"]
[White "Nasshan, Dennis"]
[Black "Wille, Thomas"]
[Result "1/2-1/2"]
[WhiteElo "2173"]
[BlackElo "2105"]
[PlyCount "52"]
[EventDate "2014.06.06"]
[EventType "swiss"]
[EventRounds "7"]
[EventCountry "NED"]
[Source "P.Boonen"]
[SourceDate "2014.10.10"]

1. Nf3 Nf6 2. c4 c5 3. Nc3 b6 4. g3 Bb7 5. Bg2 g6 6. O-O Bg7 7. d3 O-O 8. Rb1
Nc6 9. a3 d5 10. cxd5 Nxd5 11. Bd2 Qd7 12. Qb3 Nxc3 13. Bxc3 Nd4 14. Nxd4 Bxd4
15. Bxb7 Qxb7 16. Bxd4 cxd4 17. Rbc1 Qd7 18. Rc4 Rac8 19. Rfc1 Rxc4 20. Qxc4
Rd8 21. Qc7 Kf8 22. Rc4 f6 23. Qf4 Qe6 24. Qh6+ Kg8 25. Qd2 Rd5 26. Qe1 Re5
1/2-1/2

[Event "BPB Limburg open A"]
[Site "Maastricht"]
[Date "2014.06.08"]
[Round "4"]
[White "Peschlow, Patrick"]
[Black "Timmermans, Ivo"]
[Result "0-1"]
[WhiteElo "2351"]
[BlackElo "2207"]
[PlyCount "94"]
[EventDate "2014.06.06"]
[EventType "swiss"]
[EventRounds "7"]
[EventCountry "NED"]
[Source "P.Boonen"]
[SourceDate "2014.10.10"]

1. e4 e5 2. Nf3 Nc6 3. Nc3 Nf6 4. g3 d5 5. exd5 Nxd5 6. Bg2 Nxc3 7. bxc3 Bc5 8.
O-O O-O 9. Re1 Re8 10. d3 Bg4 11. h3 Bh5 12. g4 Bg6 13. Ng5 h6 14. Ne4 Bb6 15.
c4 Qd7 16. Bd2 Rab8 17. Rb1 Nd4 18. Re3 Ne6 19. Rg3 Nf4 20. Bf3 Qe7 21. g5 h5
22. h4 Bxe4 23. Bxe4 g6 24. Qf3 c6 25. Be3 Ne6 26. Kh2 Bc5 27. Rgg1 Nd4 28.
Bxd4 Bxd4 29. Rb3 Rbc8 30. Rgb1 Rc7 31. c3 Bc5 32. Kg2 Rd8 33. R3b2 Rd6 34. Qg3
Kg7 35. Rf1 f5 36. gxf6+ Rxf6 37. f4 exf4 38. Rxf4 Bd6 39. Rxf6 Bxg3 40. Rxg6+
Kf8 41. Rxg3 Qxh4 42. Bg6 Ke7 43. Re2+ Kd6 44. Re4 Qf6 45. Bxh5 Rg7 46. Re2
Rxg3+ 47. Kxg3 Qxc3 0-1

[Event "BPB Limburg open A"]
[Site "Maastricht"]
[Date "2014.06.08"]
[Round "4"]
[White "Ritsema, Ronald"]
[Black "Schiffers, Sascha"]
[Result "0-1"]
[WhiteElo "2011"]
[BlackElo "2079"]
[PlyCount "102"]
[EventDate "2014.06.06"]
[EventType "swiss"]
[EventRounds "7"]
[EventCountry "NED"]
[Source "P.Boonen"]
[SourceDate "2014.10.10"]

1. d4 Nf6 2. c4 e6 3. Nf3 d5 4. g3 dxc4 5. Bg2 c5 6. O-O Nc6 7. Qa4 Bd7 8. Qxc4
Rc8 9. Nc3 b5 10. Qd3 c4 11. Qc2 Be7 12. a3 Qb6 13. Rd1 O-O 14. e4 Rfd8 15. d5
exd5 16. e5 Ng4 17. Nxd5 Qc5 18. h3 Ngxe5 19. Nxe5 Nxe5 20. Be3 Qd6 21. Nb6 Nd3
22. Nxc8 Bxc8 23. Bxa7 Bf6 24. Rab1 Bf5 25. b3 Qxa3 26. Bb6 Rc8 27. bxc4 bxc4
28. g4 Bg6 29. Be3 Nb2 30. Be4 Nxd1 31. Rxd1 c3 32. f3 Bxe4 33. fxe4 g6 34. Bc1
Qc5+ 35. Qf2 c2 36. Rd5 Qxf2+ 37. Kxf2 h6 38. Ra5 Bg5 39. Ra1 Bxc1 40. Rxc1 Rc3
41. h4 Kg7 42. g5 hxg5 43. hxg5 f5 44. exf5 gxf5 45. Ke2 Kg6 46. Kd2 Rc7 47.
Rxc2 Rxc2+ 48. Kxc2 Kxg5 49. Kd2 Kg4 50. Ke2 Kg3 51. Kf1 Kf3 0-1

[Event "BPB Limburg open A"]
[Site "Maastricht"]
[Date "2014.06.08"]
[Round "4"]
[White "Rose, Dominik"]
[Black "Snuverink, Jochem"]
[Result "1/2-1/2"]
[WhiteElo "2127"]
[BlackElo "2357"]
[PlyCount "119"]
[EventDate "2014.06.06"]
[EventType "swiss"]
[EventRounds "7"]
[EventCountry "NED"]
[Source "P.Boonen"]
[SourceDate "2014.10.10"]

1. d4 e6 2. c4 c5 3. Nf3 cxd4 4. Nxd4 Bb4+ 5. Bd2 Bc5 6. Bc3 Nf6 7. Nb3 Be7 8.
g3 O-O 9. Bg2 d5 10. O-O Nc6 11. cxd5 exd5 12. Qd3 Be6 13. Rd1 Qb6 14. Bd4 Nxd4
15. Qxd4 Qa6 16. Qd3 Qxd3 17. Rxd3 Bf5 18. Rd2 Rac8 19. Nc3 Bb4 20. Bxd5 Rxc3
21. bxc3 Bxc3 22. Bxb7 Bxd2 23. Nxd2 Rb8 24. Bf3 g5 25. Nb3 Rb4 26. Rd1 Ra4 27.
Nd4 Bg6 28. Rd2 Ne4 29. Bxe4 Bxe4 30. f3 Bb1 31. Nb5 Rxa2 32. Rxa2 Bxa2 33.
Nxa7 f6 34. Nb5 Kf7 35. Kf2 Ke6 36. Ke3 Ke5 37. Nd4 Bb1 38. f4+ gxf4+ 39. gxf4+
Kd5 40. Nb5 Bc2 41. h4 Bg6 42. Nc3+ Ke6 43. Kf3 Bh5+ 44. Kg3 f5 45. e4 fxe4 46.
Nxe4 Kf5 47. Nf2 Be2 48. Nh3 h6 49. Ng1 Ba6 50. Nf3 h5 51. Nd4+ Ke4 52. Ne6 Kf5
53. Nc5 Bb5 54. Nb7 Ba6 55. Nc5 Bb5 56. Nb3 Ba6 57. Nd4+ Ke4 58. Ne6 Kf5 59.
Ng7+ Kg6 60. Nxh5 1/2-1/2

[Event "BPB Limburg open A"]
[Site "Maastricht"]
[Date "2014.06.08"]
[Round "4"]
[White "Sadikhov, Ulvi"]
[Black "Roos, Adrian"]
[Result "1-0"]
[WhiteElo "2337"]
[BlackElo "2201"]
[PlyCount "93"]
[EventDate "2014.06.06"]
[EventType "swiss"]
[EventRounds "7"]
[EventCountry "NED"]
[Source "P.Boonen"]
[SourceDate "2014.10.10"]

1. e4 c5 2. Nf3 d6 3. d4 cxd4 4. Nxd4 Nf6 5. f3 e5 6. Nb3 a5 7. Bb5+ Nc6 8. c4
Be7 9. Nc3 O-O 10. Be3 Be6 11. O-O Na7 12. Nd2 Nxb5 13. Nxb5 Nd7 14. Qe2 Rc8
15. Rfd1 Rc6 16. b3 Qe8 17. Nb1 f5 18. exf5 Bxf5 19. N1c3 Qg6 20. Nd5 Bd8 21.
Rd2 Re8 22. Kh1 h5 23. Ndc3 Re6 24. Rad1 Be7 25. Na7 Ra6 26. Nab5 Rc6 27. Qf2
Nf6 28. Nd5 Ne8 29. Nxe7+ Rxe7 30. Qh4 Kf7 31. Rd5 b6 32. R5d2 Rd7 33. Nc3 Rb7
34. f4 Bg4 35. Rf1 Qf6 36. Qe1 Kg8 37. Nd5 Qe6 38. fxe5 dxe5 39. Rdf2 Qd6 40.
Qb1 g6 41. Qe4 Bf5 42. Rxf5 gxf5 43. Rxf5 Ng7 44. Rf6 Qxf6 45. Nxf6+ Rxf6 46.
Qxb7 Rf1+ 47. Bg1 1-0

[Event "BPB Limburg open A"]
[Site "Maastricht"]
[Date "2014.06.08"]
[Round "4"]
[White "Schleipfenbauer, Frank"]
[Black "Bekker, Stefan"]
[Result "0-1"]
[WhiteElo "2134"]
[BlackElo "2223"]
[PlyCount "86"]
[EventDate "2014.06.06"]
[EventType "swiss"]
[EventRounds "7"]
[EventCountry "NED"]
[Source "P.Boonen"]
[SourceDate "2014.10.10"]

1. e4 c5 2. Nc3 a6 3. g4 b5 4. Bg2 Bb7 5. d3 e6 6. Nh3 Nc6 7. O-O Nge7 8. f4
Qc7 9. a4 b4 10. Ne2 h5 11. g5 g6 12. Be3 Na5 13. Qe1 d5 14. Qf2 dxe4 15. dxe4
Nc4 16. Bxc5 Bg7 17. Bd4 Bxd4 18. Qxd4 e5 19. fxe5 Rd8 20. Qf2 Nxe5 21. Nef4
O-O 22. Rad1 Ng4 23. Qe2 Nc6 24. Bf3 Nce5 25. Nd5 Bxd5 26. Rxd5 Rxd5 27. exd5
Nxf3+ 28. Rxf3 Qc5+ 29. Nf2 Qxd5 30. Nxg4 hxg4 31. Rf4 Qxg5 32. Qxg4 Qc5+ 33.
Kf1 Qxc2 34. Rxb4 Re8 35. Rf4 Qxh2 36. Qf3 Rc8 37. Re4 Rc5 38. Re2 Qh4 39. Rf2
Rc1+ 40. Kg2 Qh1+ 41. Kg3 Rg1+ 42. Kf4 Qh4+ 43. Ke3 Re1+ 0-1

[Event "BPB Limburg open A"]
[Site "Maastricht"]
[Date "2014.06.08"]
[Round "4"]
[White "Scholzen, Wolfgang"]
[Black "Berg, Emanuel"]
[Result "0-1"]
[WhiteElo "2120"]
[BlackElo "2547"]
[PlyCount "70"]
[EventDate "2014.06.06"]
[EventType "swiss"]
[EventRounds "7"]
[EventCountry "NED"]
[Source "P.Boonen"]
[SourceDate "2014.10.10"]

1. e4 e6 2. d3 c5 3. Nf3 Nc6 4. g3 Nge7 5. Bg2 g6 6. O-O Bg7 7. Nbd2 O-O 8. c3
d6 9. Re1 e5 10. a4 h6 11. Nc4 Be6 12. Ne3 d5 13. exd5 Nxd5 14. Nc4 Qc7 15. Qe2
Rfe8 16. Bd2 f6 17. h4 Rad8 18. Nh2 Qf7 19. Ne3 Nde7 20. Neg4 g5 21. hxg5 hxg5
22. f4 c4 23. fxg5 cxd3 24. Qf3 f5 25. Nh6+ Bxh6 26. gxh6 Qg6 27. Qe3 Kh8 28.
Nf3 e4 29. Nh4 Qf6 30. c4 Kh7 31. b3 Nd4 32. Bc3 Ne2+ 33. Qxe2 Qxc3 34. Qh5 d2
35. Rxe4 Qxa1+ 0-1

[Event "BPB Limburg open A"]
[Site "Maastricht"]
[Date "2014.06.08"]
[Round "4"]
[White "Sekandar, Kambiz"]
[Black "Ducarmon, Quinten"]
[Result "0-1"]
[WhiteElo "2100"]
[BlackElo "2483"]
[PlyCount "70"]
[EventDate "2014.06.06"]
[EventType "swiss"]
[EventRounds "7"]
[EventCountry "NED"]
[Source "P.Boonen"]
[SourceDate "2014.10.10"]

1. e4 c5 2. c3 d5 3. exd5 Qxd5 4. Nf3 Nf6 5. d4 e6 6. Be3 Be7 7. Bd3 O-O 8. O-O
Rd8 9. Qe2 Nc6 10. Bc4 Qh5 11. dxc5 Ng4 12. Nbd2 Nxe3 13. Qxe3 Bxc5 14. Qe4 Be7
15. Rfd1 Bd7 16. Nb3 Be8 17. Nfd4 Rac8 18. Be2 Qg5 19. Rd3 Qe5 20. Bf3 Qxe4 21.
Bxe4 Nxd4 22. Nxd4 Rc7 23. Rad1 Rdc8 24. g3 g6 25. R3d2 Kg7 26. Bc2 b5 27. Bb3
Rb7 28. Nf3 a5 29. Rd4 a4 30. Bc2 a3 31. Be4 Ra7 32. bxa3 Rxa3 33. c4 bxc4 34.
Rc1 c3 35. Rd3 f5 0-1

[Event "BPB Limburg open A"]
[Site "Maastricht"]
[Date "2014.06.08"]
[Round "4"]
[White "Senders, Mischa"]
[Black "Rihouay, Clement"]
[Result "1-0"]
[WhiteElo "2159"]
[BlackElo "2206"]
[PlyCount "65"]
[EventDate "2014.06.06"]
[EventType "swiss"]
[EventRounds "7"]
[EventCountry "NED"]
[Source "P.Boonen"]
[SourceDate "2014.10.10"]

1. e4 c5 2. Nf3 d6 3. d4 cxd4 4. Nxd4 Nf6 5. Nc3 Nc6 6. Bg5 Qb6 7. Nb3 e6 8.
Qd2 a6 9. f3 Be7 10. O-O-O O-O 11. h4 Rd8 12. Be3 Qc7 13. Qf2 Nd7 14. g4 b5 15.
g5 b4 16. Ne2 a5 17. Ned4 a4 18. Nxc6 Qxc6 19. Nd4 Qb7 20. Kb1 Ra5 21. Qg2 d5
22. g6 hxg6 23. h5 Nf8 24. e5 b3 25. h6 bxa2+ 26. Kxa2 Bd7 27. hxg7 Kxg7 28.
Qh2 f6 29. Qh8+ Kf7 30. Rh7+ Ke8 31. Rxe7+ Kxe7 32. Qxf6+ Ke8 33. Bg5 1-0

[Event "BPB Limburg open A"]
[Site "Maastricht"]
[Date "2014.06.08"]
[Round "4"]
[White "Serbu, Eli"]
[Black "Mende, Andreas"]
[Result "0-1"]
[WhiteElo "2170"]
[BlackElo "2165"]
[PlyCount "82"]
[EventDate "2014.06.06"]
[EventType "swiss"]
[EventRounds "7"]
[EventCountry "NED"]
[Source "P.Boonen"]
[SourceDate "2014.10.10"]

1. e4 c5 2. c3 Nf6 3. e5 Nd5 4. d4 cxd4 5. cxd4 d6 6. Bc4 Nb6 7. Bb5+ Nc6 8.
Nf3 dxe5 9. Nxe5 Bd7 10. Nxd7 Qxd7 11. Be3 e6 12. O-O Be7 13. Nc3 O-O 14. Rc1
Rfc8 15. Qg4 Nd5 16. Rfd1 Nf6 17. Qf3 a6 18. Bd3 Nb4 19. Bb1 Rd8 20. g4 g6 21.
Bg5 Nbd5 22. Ne2 Rac8 23. h3 Rxc1 24. Nxc1 Ne8 25. Bh6 Bf6 26. Nb3 b6 27. Qe2
Nec7 28. a3 Qd6 29. Qf3 Qe7 30. Be3 Bg5 31. Kg2 Nxe3+ 32. fxe3 Nd5 33. Rd3 Qc7
34. Kg1 Qc4 35. e4 Nf4 36. Re3 Rxd4 37. Nxd4 Qxd4 38. Kh2 Qxb2+ 39. Kg3 Qxb1
40. Qf2 Qh1 41. Qf3 Qg1+ 0-1

[Event "BPB Limburg open A"]
[Site "Maastricht"]
[Date "2014.06.08"]
[Round "4"]
[White "Skutta, Bernd"]
[Black "Hansen, Victor"]
[Result "1-0"]
[WhiteElo "2037"]
[BlackElo "2121"]
[PlyCount "85"]
[EventDate "2014.06.06"]
[EventType "swiss"]
[EventRounds "7"]
[EventCountry "NED"]
[Source "P.Boonen"]
[SourceDate "2014.10.10"]

1. d4 d5 2. Nf3 Nf6 3. c4 c6 4. Qc2 dxc4 5. Qxc4 Bf5 6. g3 e6 7. Bg2 Be7 8. O-O
O-O 9. Rd1 b5 10. Qb3 a5 11. a4 b4 12. Nbd2 Ra7 13. Ne5 Qc7 14. e4 Bg6 15. Nxg6
hxg6 16. Nc4 Nbd7 17. Bf4 Qc8 18. Rac1 Qa6 19. Rd2 c5 20. d5 Nh5 21. Bd6 Bxd6
22. dxe6 Bf4 23. exf7+ Rxf7 24. gxf4 Nxf4 25. Nd6 Ne2+ 26. Rxe2 Qxd6 27. e5
Nxe5 28. Rd1 Qf6 29. Qg3 Nd7 30. Bd5 Nf8 31. Re8 Rad7 32. Bxf7+ Rxf7 33. b3 g5
34. Rd2 Qc6 35. Rde2 c4 36. bxc4 Qxc4 37. R8e4 Qc1+ 38. Kg2 Qa1 39. Qb3 Qf6 40.
Re7 g6 41. Qxf7+ Qxf7 42. Rxf7 Kxf7 43. Re5 1-0

[Event "BPB Limburg open A"]
[Site "Maastricht"]
[Date "2014.06.08"]
[Round "4"]
[White "Snuverink, Laurens"]
[Black "Jablonowski, Christoph"]
[Result "1-0"]
[WhiteElo "2009"]
[BlackElo "2010"]
[PlyCount "97"]
[EventDate "2014.06.06"]
[EventType "swiss"]
[EventRounds "7"]
[EventCountry "NED"]
[Source "P.Boonen"]
[SourceDate "2014.10.10"]

1. d4 Nf6 2. c4 g6 3. Nc3 Bg7 4. e4 d6 5. Nf3 O-O 6. Be2 e5 7. O-O Nc6 8. d5
Ne7 9. Ne1 Nd7 10. Be3 f5 11. f3 f4 12. Bf2 g5 13. Rc1 Ng6 14. Nd3 Nf6 15. c5
Rf7 16. cxd6 cxd6 17. Nb5 a6 18. Na7 Bd7 19. Qb3 g4 20. Qb6 Qxb6 21. Bxb6 g3
22. Rc3 Ne8 23. Rfc1 Ne7 24. b4 Bf6 25. Nb2 gxh2+ 26. Kxh2 Bh4 27. a4 Rf6 28.
a5 Rh6 29. Kg1 Bg3 30. Nd1 Kf7 31. b5 Nf6 32. bxa6 bxa6 33. Bxa6 Rg8 34. Nc8
Nxc8 35. Bxc8 Bh2+ 36. Kf2 Bg3+ 37. Ke2 Bb5+ 38. Kd2 Be1+ 39. Kxe1 Rh1+ 40. Kd2
Rxg2+ 41. Nf2 Rhh2 42. R1c2 Ba4 43. a6 Rxf2+ 44. Bxf2 Rxf2+ 45. Kc1 Rxc2+ 46.
Rxc2 Bxc2 47. a7 Bxe4 48. Be6+ Kg6 49. fxe4 1-0

[Event "BPB Limburg open A"]
[Site "Maastricht"]
[Date "2014.06.08"]
[Round "4"]
[White "Snuverink, Michiel"]
[Black "Helmer, Christoph"]
[Result "1/2-1/2"]
[WhiteElo "2053"]
[BlackElo "2069"]
[PlyCount "56"]
[EventDate "2014.06.06"]
[EventType "swiss"]
[EventRounds "7"]
[EventCountry "NED"]
[Source "P.Boonen"]
[SourceDate "2014.10.10"]

1. e4 c5 2. Nc3 Nc6 3. Nf3 g6 4. Bb5 Bg7 5. O-O Nd4 6. Ba4 a6 7. Nxd4 Bxd4 8.
Ne2 Bg7 9. c3 b5 10. Bc2 d5 11. d4 cxd4 12. exd5 dxc3 13. Nxc3 Nf6 14. d6 O-O
15. dxe7 Qxe7 16. Re1 Qc7 17. Qd4 Bb7 18. Qh4 Qc6 19. f3 Rfe8 20. Bg5 Nd5 21.
Nxd5 Qxd5 22. Be4 Qc5+ 23. Be3 Qe7 24. Qxe7 Rxe7 25. Bc5 Rc7 26. Bxb7 Rxb7 27.
Re2 Rc8 28. Bf2 Rbc7 1/2-1/2

[Event "BPB Limburg open A"]
[Site "Maastricht"]
[Date "2014.06.08"]
[Round "4"]
[White "Surewaard, Wilbert"]
[Black "Hovhanisian, Mher"]
[Result "0-1"]
[WhiteElo "2116"]
[BlackElo "2520"]
[PlyCount "66"]
[EventDate "2014.06.06"]
[EventType "swiss"]
[EventRounds "7"]
[EventCountry "NED"]
[Source "P.Boonen"]
[SourceDate "2014.10.10"]

1. e4 e6 2. d4 d5 3. Nd2 a6 4. exd5 exd5 5. Bd3 c5 6. dxc5 Bxc5 7. Nb3 Bb6 8.
Nf3 Nf6 9. O-O O-O 10. h3 Nc6 11. c3 Ne4 12. Nbd4 Re8 13. Be3 Bc7 14. Re1 Qd6
15. Qc2 Bd7 16. Rad1 Nxd4 17. cxd4 Rac8 18. Qb1 Qg6 19. Kf1 Qh5 20. Ng1 f5 21.
Be2 Qg6 22. Bd2 Bg3 23. Bf3 Bxf2 24. Bxe4 fxe4 25. Kxf2 Rf8+ 26. Nf3 Bxh3 27.
Rg1 Bg4 28. Bb4 Rf5 29. Rc1 Re8 30. Rc3 Qf6 31. Qd1 Qh4+ 32. g3 Qf6 33. Re1
Bxf3 0-1

[Event "BPB Limburg open A"]
[Site "Maastricht"]
[Date "2014.06.08"]
[Round "4"]
[White "Van Foreest, Jorden"]
[Black "Ernst, Sipke"]
[Result "1/2-1/2"]
[WhiteElo "2448"]
[BlackElo "2567"]
[PlyCount "48"]
[EventDate "2014.06.06"]
[EventType "swiss"]
[EventRounds "7"]
[EventCountry "NED"]
[Source "P.Boonen"]
[SourceDate "2014.10.10"]

1. Nf3 d5 2. g3 Nf6 3. Bg2 c6 4. c4 Bf5 5. O-O e6 6. d3 Be7 7. cxd5 exd5 8. Nc3
O-O 9. Qb3 Na6 10. Nd4 Nc5 11. Qc2 Bg6 12. h3 Ne6 13. Be3 Qd7 14. Na4 Bd6 15.
Rac1 Rfe8 16. Rfe1 h5 17. Nxe6 fxe6 18. h4 Ng4 19. Bc5 Bc7 20. e4 Bf7 21. d4
dxe4 22. Bxe4 Nf6 23. Nc3 Bb6 24. Bg2 Rad8 1/2-1/2

[Event "BPB Limburg open A"]
[Site "Maastricht"]
[Date "2014.06.08"]
[Round "4"]
[White "Van Foreest, Lucas"]
[Black "Keetman, Maaike"]
[Result "1-0"]
[WhiteElo "2190"]
[BlackElo "1956"]
[PlyCount "65"]
[EventDate "2014.06.06"]
[EventType "swiss"]
[EventRounds "7"]
[EventCountry "NED"]
[Source "P.Boonen"]
[SourceDate "2014.10.10"]

1. d4 d5 2. c4 c6 3. Nf3 Nf6 4. Nc3 dxc4 5. a4 Bf5 6. e3 e6 7. Bxc4 Bb4 8. O-O
O-O 9. h3 h6 10. Re1 Nbd7 11. Bd2 Bh7 12. Rc1 Qe7 13. Qb3 a5 14. Rcd1 e5 15. e4
exd4 16. Nxd4 Nc5 17. Qa2 Bxc3 18. bxc3 Nfd7 19. e5 Nb6 20. Bf1 Rfe8 21. Bc1
Nbxa4 22. Re3 Nb6 23. Ba3 Nd5 24. Rg3 Rac8 25. Bc4 Red8 26. e6 f6 27. Qb2 b5
28. Ba2 b4 29. cxb4 axb4 30. Bxb4 Nxb4 31. Qxb4 Rb8 32. Qxb8 Rxb8 33. Nxc6 1-0

[Event "BPB Limburg open A"]
[Site "Maastricht"]
[Date "2014.06.08"]
[Round "4"]
[White "Van Helvoort, Rob"]
[Black "Goudriaan, Etienne"]
[Result "0-1"]
[WhiteElo "2140"]
[BlackElo "2408"]
[PlyCount "80"]
[EventDate "2014.06.06"]
[EventType "swiss"]
[EventRounds "7"]
[EventCountry "NED"]
[Source "P.Boonen"]
[SourceDate "2014.10.10"]

1. e4 e5 2. Nf3 Nc6 3. d4 exd4 4. Nxd4 Nf6 5. Nxc6 bxc6 6. e5 Qe7 7. Qe2 Nd5 8.
c4 Ba6 9. b3 g6 10. g3 Bg7 11. Bb2 O-O-O 12. Nd2 Rhe8 13. O-O-O Nb6 14. Re1
Bxe5 15. Bxe5 Qa3+ 16. Kb1 f6 17. Bxf6 Rxe2 18. Rxe2 Rg8 19. Bb2 Qb4 20. Ne4
Kb8 21. Bc3 Qa3 22. Nf6 Rd8 23. Nxh7 Bxc4 24. Bb2 Bd3+ 25. Ka1 Qa5 26. Re5 Qd2
27. Bxd3 Qxd3 28. f4 Nd5 29. Rc1 d6 30. Re6 Ne3 31. Bf6 Qd2 32. Rxc6 Rg8 33.
Ng5 Nc2+ 34. Rxc2 Qxc2 35. Re1 Kb7 36. h4 Re8 37. Rb1 Re2 38. Bb2 c5 39. Nf3
Rf2 40. Ne1 Qe2 0-1

[Event "BPB Limburg open A"]
[Site "Maastricht"]
[Date "2014.06.08"]
[Round "4"]
[White "Van Meegen, Ruud"]
[Black "Stiefel, Roland"]
[Result "1-0"]
[WhiteElo "2026"]
[BlackElo "2035"]
[PlyCount "107"]
[EventDate "2014.06.06"]
[EventType "swiss"]
[EventRounds "7"]
[EventCountry "NED"]
[Source "P.Boonen"]
[SourceDate "2014.10.10"]

1. e4 c5 2. Nf3 a6 3. c4 e6 4. d4 cxd4 5. Nxd4 Nf6 6. Nc3 Qc7 7. f3 Bc5 8. Be3
d6 9. a3 Nbd7 10. b4 Ba7 11. Ndb5 axb5 12. Nxb5 Qb8 13. Nxa7 Rxa7 14. Bxa7 Qxa7
15. Qxd6 Kd8 16. c5 Ne8 17. Qd2 Ke7 18. Bb5 Qb8 19. O-O Qc7 20. Rfd1 Nef6 21.
Qg5 Kf8 22. Rd6 h6 23. Qd2 Ke7 24. Kh1 Nxc5 25. bxc5 Qxc5 26. Rd1 Nd5 27. Rxd5
exd5 28. Qxd5 Qxd5 29. Rxd5 Be6 30. Rd2 Rc8 31. Kg1 Rc5 32. a4 b6 33. Kf2 Bc4
34. Rc2 Bxb5 35. Rxc5 bxc5 36. axb5 Kd6 37. Ke3 c4 38. Kd4 c3 39. Kxc3 Kc5 40.
e5 Kxb5 41. Kd4 Kc6 42. f4 Kd7 43. f5 Kc6 44. g4 Kd7 45. Kd5 Ke7 46. e6 g6 47.
Ke5 gxf5 48. gxf5 fxe6 49. fxe6 h5 50. h4 Ke8 51. Kf6 Kf8 52. Kg6 Ke7 53. Kxh5
Kxe6 54. Kg6 1-0

[Event "BPB Limburg open A"]
[Site "Maastricht"]
[Date "2014.06.08"]
[Round "4"]
[White "Van de Perre, Tom"]
[Black "Esser, Norbert"]
[Result "1/2-1/2"]
[WhiteElo "2121"]
[BlackElo "2175"]
[PlyCount "76"]
[EventDate "2014.06.06"]
[EventType "swiss"]
[EventRounds "7"]
[EventCountry "NED"]
[Source "P.Boonen"]
[SourceDate "2014.10.10"]

1. e4 c5 2. Nf3 Nc6 3. Bb5 d6 4. d4 cxd4 5. Qxd4 Bd7 6. Bxc6 Bxc6 7. Nc3 Nf6 8.
Bg5 e6 9. O-O-O Be7 10. Qd3 Qa5 11. h4 O-O 12. Nd4 Rac8 13. f4 Rfe8 14. Kb1 d5
15. e5 Nd7 16. Bxe7 Rxe7 17. Qg3 f6 18. h5 fxe5 19. fxe5 Qc7 20. Rhe1 b5 21.
Rd2 b4 22. Nd1 Nc5 23. Nf2 a5 24. Ng4 Ne4 25. Rxe4 dxe4 26. h6 Rf8 27. Rd1 Bd5
28. Qh4 Kh8 29. hxg7+ Rxg7 30. Qh6 Qc5 31. Ne3 Rg6 32. Qh4 a4 33. Qh5 a3 34.
Nxd5 Qxd5 35. Rh1 Rg7 36. Nb3 e3 37. Nc1 Qxg2 38. Rh2 Qg3 1/2-1/2

[Event "BPB Limburg open A"]
[Site "Maastricht"]
[Date "2014.06.08"]
[Round "4"]
[White "Van den Doel, Erik"]
[Black "Xiong, Ferdinand"]
[Result "1/2-1/2"]
[WhiteElo "2553"]
[BlackElo "2110"]
[PlyCount "87"]
[EventDate "2014.06.06"]
[EventType "swiss"]
[EventRounds "7"]
[EventCountry "NED"]
[Source "P.Boonen"]
[SourceDate "2014.10.10"]

1. e4 c5 2. Nc3 g6 3. d4 cxd4 4. Qxd4 Nf6 5. Nf3 Nc6 6. Qa4 d6 7. e5 dxe5 8.
Nxe5 Qd4 9. Nxc6 Qxa4 10. Nxa4 bxc6 11. Be3 Bg7 12. O-O-O O-O 13. Bc4 Nd5 14.
Bc5 Re8 15. Ba3 Rb8 16. Bb3 Bg4 17. f3 Be6 18. Nc5 Bh6+ 19. Kb1 Ne3 20. Nxe6
Nxd1 21. Rxd1 fxe6 22. Bxe6+ Kf8 23. Rd7 Bg5 24. Rd3 Red8 25. Bc5 Rxd3 26. cxd3
a5 27. Kc2 Rb5 28. d4 Bf4 29. Bd7 Bxh2 30. Bxc6 Rb8 31. Kc3 Bd6 32. Be4 Ke8 33.
a3 Kd7 34. b4 axb4+ 35. axb4 e5 36. dxe5 Bxe5+ 37. Kc4 Bd6 38. b5 Bxc5 39. Kxc5
Kc7 40. f4 Rb6 41. f5 gxf5 42. Bxf5 h5 43. Be4 Rf6 44. Bc6 1/2-1/2

[Event "BPB Limburg open A"]
[Site "Maastricht"]
[Date "2014.06.08"]
[Round "4"]
[White "Van der Heijden, Alan"]
[Black "Weiler, Wolfgang"]
[Result "1/2-1/2"]
[WhiteElo "2269"]
[BlackElo "2132"]
[PlyCount "74"]
[EventDate "2014.06.06"]
[EventType "swiss"]
[EventRounds "7"]
[EventCountry "NED"]
[Source "P.Boonen"]
[SourceDate "2014.10.10"]

1. d4 g6 2. g3 Bg7 3. Bg2 d5 4. Nf3 c5 5. dxc5 Nc6 6. Nbd2 Qa5 7. O-O Qxc5 8.
e4 Nf6 9. Nb3 Qd6 10. exd5 Nxd5 11. Ng5 Ndb4 12. Qxd6 exd6 13. Re1+ Ne5 14. Nd4
O-O 15. Bd2 Nec6 16. Nxc6 Nxc6 17. c3 h6 18. Nh3 g5 19. f4 g4 20. Nf2 Bf5 21.
Rad1 Rfe8 22. Be3 Rad8 23. Bd5 Rd7 24. Bc1 Rde7 25. Rxe7 Rxe7 26. Kf1 h5 27.
Bb3 Rd7 28. Rd5 Ne7 29. Rd1 d5 30. Be3 b6 31. Bd4 Be6 32. Bxg7 Kxg7 33. Nd3 Nf5
34. Kf2 d4 35. Ne5 Bxb3 36. axb3 Rc7 37. c4 f6 1/2-1/2

[Event "BPB Limburg open A"]
[Site "Maastricht"]
[Date "2014.06.08"]
[Round "4"]
[White "Von Meijenfeldt, Bart"]
[Black "L'Ami, Alina"]
[Result "0-1"]
[WhiteElo "2322"]
[BlackElo "2444"]
[PlyCount "54"]
[EventDate "2014.06.06"]
[EventType "swiss"]
[EventRounds "7"]
[EventCountry "NED"]
[Source "P.Boonen"]
[SourceDate "2014.10.10"]

1. e4 c5 2. Nc3 d6 3. Nge2 Nf6 4. d4 cxd4 5. Nxd4 a6 6. Be3 e5 7. Nb3 Be6 8. h3
Nbd7 9. g4 h6 10. Qd2 b5 11. Bg2 Nb6 12. Na5 Rc8 13. O-O Be7 14. b4 O-O 15. Kh1
d5 16. Bxb6 Qxb6 17. Nxd5 Bxd5 18. exd5 Rfd8 19. Rad1 e4 20. Qe2 Nxd5 21. Qxe4
Nxb4 22. Qxe7 Qxa5 23. a3 Nxc2 24. Bd5 Rf8 25. g5 hxg5 26. Qxg5 Qxa3 27. Rg1
Qxh3# 0-1